02871cam a22003375a 4500999001700000001000900017005001700026008004100043010001700084020002400101040003300125043001200158082002000170100004300190245003500233250001200268260006100280300003400341490001500375504005100390505046100441520110800902650003802010651001002048653002502058655001702083942000802100952012702108952015502235952014302390 c26930d269022017883820181103091122.0171208s2018 enk frb 001 0 eng d a 2017057739 a9781138504929 (hbk) aDLCbengcDLCdDLCdEG-ScBUE ae-uk---04a342.41bDOH2221 aDoherty, Michaelc(Law teacher)94187010aPublic law /cMichael Doherty. a2nd ed. aOxon ;aNew York :bRoutledge / Taylor & Francis,c2018. axxi, 596 p. :bill. ;c24 cm.0 aSpotlights aIncludes bibliographical references and index.0 aStudying public law -- Institutions -- Parliament and legislation -- Constitutions -- Constitutional conventions -- Royal prerogative -- Supremacy of parliament -- Supremacy and european law -- Separation of powers -- The rule of law -- Devolution -- Judicial review : access to justice -- Ground of judicial review -- Ombudsmen and tribunals -- Human rights -- Police and security powers -- Freedom of expression -- Freedom of assembly and public protest. a"Public Law is an ideal choice for all undergraduate and GDL students looking for a comprehensive yet accessible textbook on this area of law. The author's clear writing style, accessible tone, and focus on modern case law help bring the subject to life. The book covers the key institutions, concepts, and legal rules of the United Kingdom's constitutional system, with the chapters arranged around four subjects: the foundations of the constitutional system; Constitutional Law; Administrative Law; and human rights. The book's central theme is that of State power, and the relationship between the State and the citizen. The second edition has been revised to reflect recent key developments in Public Law, and now extensively explores, in addition to several other key chapter updates, the impact of the 2016 EU referendum, the 2017 General Election, and changes in devolution across England, Scotland, and Wales. Clearly written and easy to use, Public Law enables students to fully engage with the topic and gain a profound understanding of this fundamental, exciting area"--Provided by publisher. 7aPublic lawzGreat Britain.2BUEsh 2BUEsh bLLAAWWcNovember2018 vReading book 2ddc 00102ddc40708BaccahaMAINbMAINc1STd2018-11-03ePurchaseg1850.00l0o342.41 DOHp000043746r2025-12-16 00:00:00yNB 00102ddc40708BaccahaMAINbMAINc1STd2018-11-03ePurchaseg1850.00l7m12o342.41 DOHp000043747q2026-01-03r2025-11-26 00:00:00s2025-11-26yBB 00102ddc40708BaccahaMAINbMAINc1STd2018-11-03ePurchaseg1850.00l9m35o342.41 DOHp000043748r2025-12-21 00:00:00s2025-12-18yBB